Návrh a riadenie poľnohospodárskeho robota

Enregistré dans:
Détails bibliographiques
Auteur principal: Solodkyi, Stanislav (Auteur)
Autres auteurs: Hubinský, Peter (Directeur de thèse)
Format: Manuscrit Livre
Langue:slovaque
Publié: Bratislava : STU v Bratislave FEI, 2025
Sujets:
Accès en ligne:https://opac.crzp.sk/?fn=detailBiblioFormChildCCPB5&sid=BA75C2D62745AD5727EC949ED92F&seo=CRZP-detail-kniha
Tags: Ajouter un tag
Pas de tags, Soyez le premier à ajouter un tag!

MARC

LEADER 00000ntm a22000003a 4500
001 stuzp101861
003 SK-STU
005 20260210111825.4
007 ta
008 150427s2015----xo-----f-mn---000-0-slo-d
040 |a STU  |b slo 
041 0 |a slo 
044 |a xo 
100 1 |a Solodkyi, Stanislav  |u 031000  |4 aut  |U FEI Fakulta elektrotechniky a informatiky  |T FEI Ústav robotiky a kybernetiky  |X 123088  |U E011  |Y 356  |7 123088 
242 0 1 |a Design and Control of an Agricultural Robot  |y eng 
245 1 0 |a Návrh a riadenie poľnohospodárskeho robota 
260 |a Bratislava :  |b STU v Bratislave FEI,  |c 2025 
300 |a 50 s. 
650 4 |a Robotika v poľnohospodárstve  |2 slo 
650 4 |a IoT v poľnohospodárstve  |2 slo 
650 4 |a inteligentné zavlažovanie  |2 slo 
650 4 |a navigácia mobilného robota  |2 slo 
650 4 |a ESP8266  |2 slo 
650 4 |a Arduino  |2 slo 
650 4 |a Agricultural robotics  |2 eng 
650 4 |a IoT in agriculture  |2 eng 
650 4 |a smart irrigation  |2 eng 
650 4 |a Arduino  |2 eng 
650 4 |a mobile robot navigation  |2 eng 
650 4 |a ESP8266  |2 eng 
700 1 |a Hubinský, Peter  |u 031000  |k Z1  |4 ths  |U FEI Fakulta elektrotechniky a informatiky  |T FEI Ústav robotiky a kybernetiky  |X 4940  |U E011  |Y 356  |7 A000004940 
856 4 |u https://opac.crzp.sk/?fn=detailBiblioFormChildCCPB5&sid=BA75C2D62745AD5727EC949ED92F&seo=CRZP-detail-kniha